[Event "Barcelona Sant Marti op 11th"]
[Site "Barcelona"]
[Date "2024.03.07"]
[Round "9"]
[White "Martinez Herencia, Rosario"]
[Black "Nesdale, Michael Joseph"]
[Result "0-1"]
[WhiteElo "1700"]
[BlackElo "1240"]
[PlyCount "72"]
[EventDate "2024.01.11"]
[EventType "swiss"]
[EventRounds "9"]
[EventCountry "ESP"]
[SourceTitle "CBM 219 Extra"]
[Source "ChessBase"]
[SourceDate "2024.05.31"]
[SourceVersion "1"]
[SourceVersionDate "2024.05.31"]
[SourceQuality "1"]

1. e4 c6 2. Nc3 d5 3. d4 dxe4 4. Nxe4 Bf5 5. f3 e6 6. c3 Bxe4 7. fxe4 Qh4+ 8. Kd2 Qxe4 9. Qe1 Qd5 10. Nf3 Nf6 11. Bd3 c5 12. b3 cxd4 13. c4 Qd8 14. Kc2 Nc6 15. Bb2 Bb4 16. Qe2 0-0 17. Bxd4 Nxd4+ 18. Nxd4 Qxd4 19. Rad1 Qc5 20. Kb1 a5 21. Rhf1 Qe7 22. Bc2 Rfd8 23. Bd3 e5 24. Rf3 e4 25. Re3 exd3 26. Rdxd3 Qc7 27. g3 Rxd3 28. Qxd3 a4 29. h3 axb3 30. Qxb3 Bc5 31. Rd3 b6 32. g4 Qh2 33. Qd1 Qxa2+ 34. Kc1 Ba3+ 35. Rxa3 Qxa3+ 36. Kd2 Rd8+ 0-1

[Event "Barcelona Sant Marti op 11th"]
[Site "Barcelona"]
[Date "2024.02.29"]
[Round "8"]
[White "Costa Monteiro, Pedro"]
[Black "Martinez Herencia, Rosario"]
[Result "1-0"]
[WhiteElo "1242"]
[BlackElo "1700"]
[PlyCount "109"]
[EventDate "2024.01.11"]
[EventType "swiss"]
[EventRounds "9"]
[EventCountry "ESP"]
[SourceTitle "CBM 219 Extra"]
[Source "ChessBase"]
[SourceDate "2024.05.31"]
[SourceVersion "1"]
[SourceVersionDate "2024.05.31"]
[SourceQuality "1"]

1. d4 d5 2. Nf3 Nf6 3. e3 e6 4. Bd3 Bd7 5. 0-0 Bd6 6. b3 a6 7. Bb2 Nc6 8. a3 0-0 9. Ne5 Be8 10. Nd2 Be7 11. Qe2 Nxe5 12. dxe5 Nd7 13. f4 f6 14. Nf3 f5 15. c4 Nc5 16. Bc2 b5 17. Rad1 c6 18. b4 Nb7 19. Nd4 Bd7 20. c5 a5 21. Rf3 axb4 22. axb4 Ra2 23. Bb3 Ra6 24. Rh3 Qe8 25. Qe1 Qg6 26. Ra1 Rfa8 27. Rxa6 Rxa6 28. Bc3 h6 29. Qg3 Ra1+ 30. Bxa1 Qxg3 31. Rxg3 Bh4 32. Rf3 Nd8 33. Rf1 Be8 34. Bd1 Kh7 35. g3 Be7 36. Rf2 g6 37. Ra2 Bf7 38. Ra6 Be8 39. Ra7 Kg8 40. Rxe7 Kf8 41. Ra7 h5 42. h3 Bf7 43. g4 fxg4 44. hxg4 h4 45. Kh2 Be8 46. f5 exf5 47. gxf5 gxf5 48. Nxf5 Ne6 49. Nxh4 Ng5 50. Bg4 Ne4 51. Bf5 Ng5 52. Ng6+ Bxg6 53. Bxg6 Nf3+ 54. Kg3 Nxe5 55. Bxe5 1-0

[Event "Barcelona Sant Marti op 11th"]
[Site "Barcelona"]
[Date "2024.01.18"]
[Round "2"]
[White "Vazquez Sanchez, Juan Antonio"]
[Black "Martinez Herencia, Rosario"]
[Result "1-0"]
[WhiteElo "1444"]
[BlackElo "1700"]
[PlyCount "49"]
[EventDate "2024.01.11"]
[EventType "swiss"]
[EventRounds "9"]
[EventCountry "ESP"]
[SourceTitle "CBM 219 Extra"]
[Source "ChessBase"]
[SourceDate "2024.05.31"]
[SourceVersion "1"]
[SourceVersionDate "2024.05.31"]
[SourceQuality "1"]

1. e4 e6 2. d4 c6 3. Nf3 Nf6 4. Bd3 d5 5. e5 Nfd7 6. c3 c5 7. dxc5 Nxc5 8. Bc2 Be7 9. 0-0 0-0 10. Nbd2 Nc6 11. Re1 Qc7 12. Nf1 Nd7 13. Qd3 g6 14. Bf4 f6 15. exf6 Rxf6 16. Bxc7 b6 17. Be5 Ndxe5 18. Nxe5 Nxe5 19. Rxe5 Bd6 20. Re3 Kg7 21. Rf3 Bf4 22. g3 Bg5 23. Qd4 Bb7 24. h4 Bh6 25. Qxf6+ 1-0